Loading...
| Current Events | 2 | 15.00 | 100% | 50% | 0% |
| Fine Arts - Classical Music | 6 | 23.33 | 100% | 100% | 33% |
| Fine Arts - Other | 9 | 22.22 | 100% | 100% | 22% |
| Fine Arts - Painting and Sculpture | 5 | 22.00 | 100% | 80% | 40% |
| Geography | 3 | 16.67 | 100% | 33% | 33% |
| History - American | 6 | 11.67 | 100% | 17% | 0% |
| History - European | 7 | 22.86 | 100% | 86% | 43% |
| History - Other | 9 | 20.00 | 89% | 67% | 44% |
| History - World | 5 | 22.00 | 100% | 80% | 40% |
| Literature - American | 5 | 24.00 | 80% | 80% | 80% |
| Literature - British | 5 | 22.00 | 80% | 100% | 40% |
| Literature - European | 5 | 28.00 | 100% | 100% | 80% |
| Literature - World | 7 | 21.43 | 100% | 86% | 29% |
| Mythology | 8 | 26.25 | 100% | 100% | 63% |
| Other Academic | 3 | 23.33 | 100% | 67% | 67% |
| Philosophy | 7 | 22.86 | 100% | 86% | 43% |
| Pop Culture | 1 | 10.00 | 100% | 0% | 0% |
| Religion | 9 | 18.89 | 100% | 56% | 33% |
| Science - Biology | 7 | 17.14 | 100% | 57% | 14% |
| Science - Chemistry | 9 | 16.67 | 89% | 78% | 0% |
| Science - Other | 9 | 15.56 | 100% | 56% | 0% |
| Science - Physics | 8 | 16.25 | 100% | 50% | 13% |
| Social Science | 9 | 16.67 | 100% | 44% | 22% |